محنة التعليم فى مصر / (Record no. 14280)
[ view plain ]
| 000 -LEADER | |
|---|---|
| fixed length control field | 00746nam a22001697a 4500 |
| 008 - FIXED-LENGTH DATA ELEMENTS--GENERAL INFORMATION | |
| fixed length control field | 100628t xxu||||| |||| 00| 0 eng d |
| 082 ## - DEWEY DECIMAL CLASSIFICATION NUMBER | |
| Edition number | 22 |
| Classification number | 370.962 |
| Item number | ع ل ى |
| 100 ## - MAIN ENTRY--PERSONAL NAME | |
| 9 (RLIN) | 15415 |
| Personal name | على, سعيد إسماعيل |
| 245 ## - TITLE STATEMENT | |
| Title | محنة التعليم فى مصر / |
| Statement of responsibility, etc | سعيد إسماعيل على |
| 260 ## - PUBLICATION, DISTRIBUTION, ETC. (IMPRINT) | |
| Place of publication, distribution, etc | القاهرة : |
| Name of publisher, distributor, etc | جريدة الأهالى, |
| Date of publication, distribution, etc | 1984. |
| 300 ## - PHYSICAL DESCRIPTION | |
| Extent | 259 ص:؛ |
| Dimensions | 15 سم. |
| 490 ## - Series Statement | |
| -- | 15422 |
| Series statement | كتاب الأهالى |
| 650 ## - SUBJECT ADDED ENTRY--TOPICAL TERM | |
| 9 (RLIN) | 15426 |
| Topical term or geographic name as entry element | التعليم -مصر |
| 650 ## - SUBJECT ADDED ENTRY--TOPICAL TERM | |
| 9 (RLIN) | 15431 |
| Topical term or geographic name as entry element | التعليم - البحوث التربوية |
| 942 ## - ADDED ENTRY ELEMENTS (KOHA) | |
| Source of classification or shelving scheme | Dewey Decimal Classification |
| Item type | |
| Withdrawn status | Item status | Source of classification or shelving scheme | Damaged status | Not for loan | Vendor | Home library | Current library | Shelving location | Date acquired | Source of acquisition | Total Checkouts | Full call number | Barcode | Date last seen | Koha item type |
|---|---|---|---|---|---|---|---|---|---|---|---|---|---|---|---|
| Dewey Decimal Classification | Central Library | Central Library | First floor | 29/06/2010 | 370.962 على | 000020780 | 15/07/2025 | Book - Borrowing |